| 000 | 00500nam a22001817a 4500 | ||
|---|---|---|---|
| 005 | 20251127114415.0 | ||
| 008 | 251127b |||||||| |||| 00| 0 eng d | ||
| 020 | _a978-93-530-6754-0 | ||
| 050 | _aLC 3981.H49 2019 | ||
| 100 | _aHEWARD WILLIAM L. | ||
| 245 | _aEXCEPTIONAL CHILDREN:AN INTRODUCTION TO SPECIAL EDUCATION | ||
| 250 | _a11th | ||
| 260 |
_aNEWYORK _bPEARSON _c2019 |
||
| 300 | _aX,526 | ||
| 650 | _aspecial education united states | ||
| 700 | _aALBER SHEILA R. | ||
| 942 |
_2lcc _cBK |
||
| 999 |
_c216309 _d216309 |
||